Normal view
MARC view
Entry Topical Term
001 - CONTROL NUMBER
- control field: 39168
003 - CONTROL NUMBER IDENTIFIER
- control field: OSt
005 - DATE AND TIME OF LATEST TRANSACTION
- control field: 20230628122829.0
008 - FIXED-LENGTH DATA ELEMENTS
- fixed length control field: 230628|| aca||aabn | a|a d
040 ## - CATALOGING SOURCE
- Original cataloging agency: OSt
- Transcribing agency: OSt
150 ## - HEADING--TOPICAL TERM
- Topical term or geographic name entry element: Tourism, National economy, Livelihoods, Climate change, Culture, Sustainable policy.
670 ## - SOURCE DATA FOUND
- Source citation: Work cat.: (OSt): Ratha, Keshab Chandra 39167, Potential implications of Covid-19 on tourism industry: Charting a road map for future
